Sports Quiz

Random Sports or Soccer Quiz

Arsenal's Europa League goalscorers Quiz Stats

 Plays Quiz not verified by Sporcle

Support Sporcle.
Go Orange.
Score 0/35 Timer 05:00
0 Plays Today
Goals Player % Correct
10Alexandre Lacazette
95.7%
2Mesut Ozil
88.6%
6Aaron Ramsey
86.1%
14Pierre-Emerick Aubameyang
82.9%
3Bakayo Saka
79.5%
3Gabriel Martinelli
78.3%
5Nicolas Pepe
77.6%
5Danny Welbeck
75.7%
1Eddie Nketiah
74.8%
2Shkodran Mustafi
74.2%
1Hector Bellerin
74.2%
3Olivier Giroud
73.5%
1Kieran Tierney
73.4%
1Granit Xhaka
73.3%
1David Luiz
72%
2Alex Iwobi
70.8%
2Sokratis Papastathopoulos
69.6%
1Gabriel Magalhaes
68.1%
Goals Player % Correct
1Ainsley Maitland-Niles
66.6%
1Reiss Nelson
65.6%
2Sead Kolasinac
64.5%
1Nacho Monreal
64.3%
3Theo Walcott
59.9%
1Folarin Balogun
58.8%
1Alexis Sanchez
58.2%
5Joe Willock
56.6%
2Emile Smith Rowe
56.5%
1Martin Odegaard
55.3%
1Matteo Guendouzi
54.5%
1Rob Holding
53.4%
1Henrikh Mkhitaryan
47.3%
1Dani Ceballos
47.2%
1Jack Wilshere
45.1%
2Mohamed Elneny
43.9%
1Mathieu Debuchy
18.4%

You're not logged in!

Compare scores with friends on all Sporcle quizzes.
OR
Log In

From the Vault

19th Century Artists Match-Up

by khands

Here's a quiz that's state of the art.
Remove Ads.
Support Sporcle.
Get the best of Sporcle when you Go Orange. This ad-free experience offers more features, more stats, and more fun while also helping to support Sporcle. Thank you for becoming a member.

Show Comments

Extras

Top Quizzes Today


Score Distribution

Your Account Isn't Verified!

In order to create a playlist on Sporcle, you need to verify the email address you used during registration. Go to your Sporcle Settings to finish the process.

Report this User

Report this user for behavior that violates our Community Guidelines.

Details: